| 000 | 00528nam a2200205Ia 4500 | ||
|---|---|---|---|
| 003 | LK-CoDNM | ||
| 005 | 20241205130640.0 | ||
| 008 | 010623t1996 xxu||||| |||| 00| 1 sin d | ||
| 040 |
_aLK-CoDNM _dLK-CoDNM _eLK-CoDNM |
||
| 041 | _asin | ||
| 080 |
_a(x) 8 C.9 _bTHI |
||
| 100 | _aManmperi, Premadasa | ||
| 245 | _aබුත්සරණ | ||
| 246 | _aButhsarana | ||
| 260 |
_bRathna book publication _aColombo _c1996 |
||
| 300 | _b179. ; 21 cm | ||
| 650 | _aLiterature | ||
| 700 |
_aThilakasiri, Siri _eed. |
||
| 942 | _cBK | ||
| 999 |
_c117784 _d117784 |
||